000 01444nam a2200277 i 4500
003 DO-SdBNP
005 20250902083830.0
007 ta
008 240822t2024 dr a || |||| 00| 0 spa d
020 _a9789945654233
040 _aDO-SdBNP
_bspa
_cBNPHU
_erda
041 _aspa
082 4 _axxx
_bJ83g
_222
100 1 _aJosé, Rosa G.,
_eautor
_4aut.
_986382
245 1 0 _aGuía para el emprendimiento familiar /
_cRosa G. José
264 1 _aSanto Domingo :
_bEditorial Santuario,
_c2024.
300 _a105 páginas :
_bilustraciones
_c23 cm.
336 _2rdacontent
_atexto
_btxt
337 _2rdamedia
_asin mediación
_bn
338 _2rdacarrier
_avolumen
_bnc
500 _aIncluye datos biografícos del autor en la solapa de cubierta.
521 _aSi decides poner en práctica las técnicas y sugerencias de este libro, seguro que podrás desarrollar habilidades de liderazgo y llegarás a tener éxito en cualquier área donde decidas emprender: Puedes estudiar este libro en familia, grupo de escuela, o de manera independiente. Realiza los ejercicios sugeridos de forma individual. Usa el diccionario que se encuentra al final del libro para que entiendas mejor los términos que te resulten desconocidos. Una vez estudiado el contenido, estarás listo, para empezar a emprender. ¡Sea lo que decidas ser, lo importante es que seas feliz!
590 _aInventariado 2024 / YL
910 _aYLockward
942 _2ddc
_cLBS1
999 _c57532
_d57532